000 00652nam a22002297a 4500
003 URS
005 20250828100516.0
008 250327b ||||| |||| 00| 0 eng d
040 _cURS
050 _aHG3701
_b.M345 2011
100 _911765
_aMauldin, John
245 _aEndgame
_bThe end of the debt supercycle and how it changes everything
264 _aHoboken, N.J.
_bWiley
_c©2011
336 _2rdacontent
_atext
337 _2rdamedia
_aunmediated
338 _2rdacarrier
_avolume
650 0 _911766
_aDebt.
650 0 _911767
_aDebts, Public.
650 0 _911768
_aDebts, External.
700 _911769
_aDebts, External.
942 _2lcc
_cCR
999 _c85085
_d85083